Autoridades en los Andes : los atributos del señor /

El autor busca una interpretación amplia de la manera como se caracterizaba la autoridad andina tradicional. El empleo de una amplia documentación hispánica especialmente del primer siglo, hace posible al autor desentrañar los símbolos de la autoridad, pero al mismo tiempo aproximarse a la definició...

Full description

Bibliographic Details
Main Author: Martínez, José Luis 1918-2007
Format: Libro
Language:Spanish
Published: Lima Pontificia Universidad Católica del Perú 1995
Subjects:
Online Access:

MARC

LEADER 00000cam a2200000 a 4500
001 024037
003 UAHC_CL
005 20170803122328.0
008 121019s1995 pe 000 spa
020 |a 8483909618 
040 |a UAHC_CL  |c UAHC_CL  |d UAHC_CL 
082 0 4 |a 985  |b M385  |2 21 
100 1 |a Martínez, José Luis  |d 1918-2007 
245 1 0 |a Autoridades en los Andes :  |b los atributos del señor /  |c José Luis Martínez Cereceda. 
260 |b Pontificia Universidad Católica del Perú  |a Lima  |c 1995 
300 |a 256 p. 
520 |a El autor busca una interpretación amplia de la manera como se caracterizaba la autoridad andina tradicional. El empleo de una amplia documentación hispánica especialmente del primer siglo, hace posible al autor desentrañar los símbolos de la autoridad, pero al mismo tiempo aproximarse a la definición de sus atributos, también de sus atribuciones y del papel que cumplían las autoridades en el marco de la sociedad andina. 
521 |a Fondecyt 110480. Historia 
650 4 |a INCAS  |x REYES Y SOBERANOS 
650 4 |a INSIGNIAS REALES  |z REGION ANDINA 
650 4 |a INCAS  |x RITOS Y CEREMONIAS 
653 |a LICENCIATURA EN HISTORIA 
653 |a ANTROPOLOGIA 
900 |a 985 MAR 
942 |c BK 
952 |0 0  |1 0  |4 0  |6 985_000000000000000_MAR  |7 0  |8 General  |9 48262  |a BC  |b BC  |c General  |d 2017-08-03  |l 1  |o 985 MAR  |p 1405608  |r 2026-01-13 00:00:00  |s 2017-09-05  |t 1  |w 2017-08-03  |y BK 
999 |c 24037  |d 24037